Library Banner

How to develop a super-power memory (Record no. 129198)

MARC details
000 -LEADER
fixed length control field 00465nam a2200193Ia 4500
001 - CONTROL NUMBER
control field 303
003 - CONTROL NUMBER IDENTIFIER
control field OSt
005 - DATE AND TIME OF LATEST TRANSACTION
control field 20221022152905.0
008 - FIXED-LENGTH DATA ELEMENTS--GENERAL INFORMATION
fixed length control field 140311s9999 xx 000 0 und d
040 ## - CATALOGING SOURCE
Transcribing agency PK-LaUMT
082 ## - DEWEY DECIMAL CLASSIFICATION NUMBER
Classification number 153.123
Item number LOR-H
100 ## - MAIN ENTRY--PERSONAL NAME
Personal name Harry Lorayne
245 ## - TITLE STATEMENT
Title How to develop a super-power memory
Statement of responsibility, etc Harry Lorayne
260 ## - PUBLICATION, DISTRIBUTION, ETC. (IMPRINT)
Name of publisher, distributor, etc Golden Books Centre,
Date of publication, distribution, etc 2000.
300 ## - PHYSICAL DESCRIPTION
Extent 227 p.
546 ## - LANGUAGE NOTE
Language note EN
650 ## - SUBJECT ADDED ENTRY--TOPICAL TERM
Topical term or geographic name as entry element Mnemonics
942 ## - ADDED ENTRY ELEMENTS (KOHA)
Koha item type Stocktaking Record 2001
Source of classification or shelving scheme Dewey Decimal Classification
Holdings
Withdrawn status Lost status Source of classification or shelving scheme Damaged status Not for loan Home library Current library Date acquired Total Checkouts Full call number Barcode Date last seen Price effective from Koha item type
    Dewey Decimal Classification     UMT Main Campus UMT Main Campus 2022-10-22   153.123 LOR-H 115 2022-10-22 2022-10-22 Stocktaking Record 2001